[Event "Challenge"]
[Site "http://www.queenalice.com/game.php?id=208345"]
[Date "2007.5.9"]
[Round "-"]
[White "jweeks123"]
[Black "rethiel"]
[Result "1/2-1/2"]
[WhiteElo "998"]
[BlackElo "1154"]

1. Nf3 d5 2. e3 f5 3. Bb5+ Bd7 4. Nc3 c6 5. Bd3 Nf6 6. b4 Na6 7. Ba3 g6 8. Ne5
Be6 9. Qf3 g5 10. Qh5+ Nxh5 11. b5 Nc5 12. Bxc5 Qc7 13. Nf3 Bg7 14. bxc6 Qxc6
15. Bd4 f4 16. Bxg7 Nxg7 17. Bb5 d4 18. Bxc6+ bxc6 19. Nxd4 Bc4 20. Nxc6 Rf8 21.
Rb1 Rf6 22. Rb8+ Rxb8 23. Nxb8 Nf5 24. g4 Nd6 25. Rg1 fxe3 26. dxe3 Kd8 27. Rg3
Nf7 28. Rh3 Rb6 29. Rxh7 Ne5 30. Rh5 Rxb8 31. Rxg5 Rb5 32. Nxb5 Nf3+ 33. Kd1
Nxg5 34. Nxa7 Bd5 35. a4 Ne4 36. a5 Nxf2+ 37. Ke2 Nxg4 38. a6 Nxh2 39. Kd3 Nf3
40. Nb5 e5 41. e4 Ne1+ 42. Ke3 Nxc2+ 43. Kd3 Nb4+ 44. Kc3 Nxa6 45. exd5 e4 46.
Kd2 Nb8 47. Ke3 Nd7 48. Kxe4 Nf6+ 49. Ke5 Nd7+ 50. Kd6 Nf8 51. Nd4 Ng6 52. Ne6+
Ke8 53. Kc7 Ke7 54. Nd8 Nf4 55. d6+ Ke8 56. d7+ Ke7 57. Nc6+ Kf8 58. d8=Q+ Kf7
59. Qe7+ Kg6 60. Qh4 Ng2 61. Qg4+ Kf6 62. Kd6 Ne3 63. Qf4+ Nf5+ 64. Kd5 Kg6 65.
Qe4 Kf6 66. Qe5+ Kg5 67. Nd4 Kg6 68. Nxf5 Kg5 69. Ke4 Kg4 70. Qg3+ Kh5 71. Kf4
1/2-1/2

[Event "Challenge"]
[Site "http://www.queenalice.com/game.php?id=208743"]
[Date "2007.5.10"]
[Round "-"]
[White "rethiel"]
[Black "cJw314"]
[Result "0-1"]
[WhiteElo "1116"]
[BlackElo "1495"]

1. e4 e6 2. d4 Nf6 3. f3 a6 4. c3 Be7 5. Nh3 d6 6. Bd2 Nc6 7. Bd3 Bd7 8. Na3 b5
9. O-O Qb8 10. Qb3 Na5 11. Qb4 Qb6 12. c4 Qxd4+ 13. Nf2 c5 14. Qc3 Qxc3 15. Bxc3
b4 16. Bxf6 Bxf6 17. Nc2 Bxb2 18. Rab1 Be5 19. f4 Bxf4 20. Nh3 Be5 21. Ng5 Nc6
22. Rxf7 Rf8 23. Rf2 Bd4 24. Nxd4 Nxd4 25. Rbf1 Ke7 26. Nxh7 Rh8 27. e5 dxe5 28.
Ng5 Rh6 29. Ne4 Rah8 30. g4 g5 31. Nxc5 Bc6 32. Nxa6 Nf3+ 33. Kg2 Nd2+ 34. Kg1
Nxf1 35. Kxf1 Rxh2 36. Nxb4 Rh1+ 37. Ke2 Bb7 38. c5 R8h3 39. c6 Bc8 40. c7 Kd7
41. Na6 Ra1 42. Bc4 Bxa6 43. Rf7+ Ke8 44. Bxa6 Rxa2+ 45. Kf1 Rh1# 0-1

[Event "Challenge"]
[Site "http://www.queenalice.com/game.php?id=208754"]
[Date "2007.5.10"]
[Round "-"]
[White "rethiel"]
[Black "danabreu"]
[Result "1-0"]
[WhiteElo "1092"]
[BlackElo "1030"]

1. e3 Nc6 2. d4 e5 3. Nf3 d6 4. Nc3 Bf5 5. Bd3 Be6 6. b3 f6 7. O-O exd4 8. exd4
g5 9. d5 Bf7 10. dxc6 bxc6 11. Bf5 Qe7 12. Re1 Be6 13. Rxe6 Qxe6 14. Bxe6 Ne7
15. Nd4 c5 16. Ndb5 Rb8 17. Nxc7+ Kd8 18. N3b5 a6 19. Qxd6# 1-0

[Event "Challenge"]
[Site "http://www.queenalice.com/game.php?id=211511"]
[Date "2007.5.15"]
[Round "-"]
[White "rethiel"]
[Black "danabreu"]
[Result "1-0"]
[WhiteElo "1196"]
[BlackElo "1010"]

1. e4 c6 2. Nc3 e6 3. Nf3 d5 4. d4 Nf6 5. Bd3 Ng4 6. Qe2 Qb6 7. h3 Nf6 8. Na4
Qa5+ 9. b4 Qxb4+ 10. Kf1 dxe4 11. Bxe4 Nxe4 12. Nd2 Nxd2+ 13. Bxd2 Qxa4 14. Bg5
Qxd4 15. Rd1 Qa4 16. Rd3 Nd7 17. c4 Bd6 18. Rxd6 O-O 19. Be7 Re8 20. Bg5 Qb4 21.
Bd2 Qxd6 22. h4 b5 23. Rh3 bxc4 24. Qxc4 Qxd2 25. Qxc6 1-0

[Event "Challenge"]
[Site "http://www.queenalice.com/game.php?id=211514"]
[Date "2007.5.15"]
[Round "-"]
[White "rethiel"]
[Black "cJw314"]
[Result "0-1"]
[WhiteElo "1115"]
[BlackElo "1479"]

1. e4 c5 2. Nc3 e6 3. d3 d5 4. b3 Nc6 5. Nf3 g6 6. Be3 Bg7 7. a3 Bxc3+ 8. Nd2
Bxa1 9. Qxa1 Nd4 10. Bxd4 cxd4 11. Qxd4 Nf6 12. Nf3 Qa5+ 13. b4 Qxa3 14. e5 Qc1+
15. Ke2 Qxc2+ 16. Nd2 Nd7 17. g3 b6 18. Bh3 Ba6 19. b5 Bxb5 20. Rb1 Bxd3+ 21.
Qxd3 Qxd3+ 22. Kxd3 Nxe5+ 23. Kd4 f6 24. Bxe6 Nc6+ 25. Kxd5 Ne5 26. Ne4 Ke7 27.
Rc1 Rad8+ 28. Nd6 Rxd6+ 29. Ke4 Kxe6 0-1

[Event "Challenge"]
[Site "http://www.queenalice.com/game.php?id=215581"]
[Date "2007.5.24"]
[Round "-"]
[White "rethiel"]
[Black "cJw314"]
[Result "1-0"]
[WhiteElo "1113"]
[BlackElo "1491"]

1. d4 g6 2. e4 Bg7 3. Nf3 c5 4. c3 cxd4 5. cxd4 Nc6 6. Nc3 e5 7. a3 exd4 8. Nb5
Be5 9. g3 a6 10. Bg5 Qb6 11. Nbxd4 Qxb2 12. Bf4 Nxd4 13. Rb1 Qxa3 14. Nxe5 Qa5+
15. Qd2 Nf3+ 16. Nxf3 Qa4 17. Rb4 Qa3 18. Be5 Nf6 19. Bxf6 O-O 20. Nd4 d6 21.
Nc2 Qf3 22. Bg2 Qxg2 23. Rf1 Bh3 24. Qe2 Qxh2 25. Ne3 Bxf1 26. Qxf1 Rac8 27. Rc4
b5 28. Rc2 Rc5 29. Be7 Rfc8 30. Bxd6 Rxc2 31. Nxc2 Rxc2 32. Kd1 Rxf2 33. Qe1
Qh5+ 34. Kc1 Qg5+ 35. Kb1 Qxg3 36. Bxg3 Rf3 37. Be5 Rb3+ 38. Kc2 Ra3 39. Qd1 h5
40. Qd8+ Kh7 41. Qh8# 1-0

[Event "Challenge"]
[Site "http://www.queenalice.com/game.php?id=220899"]
[Date "2007.6.5"]
[Round "-"]
[White "rethiel"]
[Black "cJw314"]
[Result "0-1"]
[WhiteElo "1146"]
[BlackElo "1491"]

1. d4 c5 2. dxc5 e6 3. Nc3 Bxc5 4. Nf3 Nf6 5. e4 b6 6. e5 Ng4 7. h3 Nxf2 8. Qe2
Nxh1 9. Bg5 f6 10. Bh4 g5 11. Bf2 Bxf2+ 12. Kd1 Bc5 13. Ne4 Bb7 14. Qc4 Nf2+ 15.
Ke2 Ba6 16. Nxf6+ Ke7 17. Nh5 Bxc4+ 18. Ke1 Bxf1 19. Kxf1 d6 20. Rd1 Nxd1 21.
Nxg5 Qf8+ 22. Ke1 Nxb2 23. Ng3 Qf2# 0-1

[Event "Challenge"]
[Site "http://www.queenalice.com/game.php?id=222260"]
[Date "2007.6.8"]
[Round "-"]
[White "rethiel"]
[Black "jweeks123"]
[Result "1-0"]
[WhiteElo "1143"]
[BlackElo "999"]

1. d4 e6 2. Nf3 Bb4+ 3. c3 Bd6 4. Bg5 Be7 5. Na3 Nf6 6. Nb5 Nc6 7. Bf4 b6 8.
Nxc7+ Kf8 9. Nxa8 Ba6 10. Nc7 Qb8 11. g3 d6 12. Nxa6 Qb7 13. Qd3 h5 14. Qb5 Nd5
15. c4 Nxd4 16. Nxd4 Nxf4 17. gxf4 Qxh1 18. Qd7 Bf6 19. Rd1 Qxh2 20. Nf3 Qxf4
21. Nb4 Qxc4 22. Nc6 g5 23. e4 Qxa2 24. Bh3 Qb3 25. Nd8 Qxf3 26. Nxf7 Qxh3 27.
Nxh8 Be7 28. Rc1 Qd3 29. Rc8+ Kg7 30. Qxe7+ Kh6 31. Qf6+ Kh7 32. Rc7+ Kg8 33.
Qf7+ Kxh8 34. Qg7# 1-0

[Event "Challenge"]
[Site "http://www.queenalice.com/game.php?id=224211"]
[Date "2007.6.13"]
[Round "-"]
[White "rethiel"]
[Black "cJw314"]
[Result "1-0"]
[WhiteElo "1155"]
[BlackElo "1493"]

1. d4 f5 2. e3 Nf6 3. Be2 Nc6 4. Nc3 e5 5. Bd2 exd4 6. exd4 Nxd4 7. Bc4 d5 8.
Bxd5 Nxd5 9. Qh5+ g6 10. Qd1 Nxc3 11. Bxc3 Qd5 12. Qxd4 Qxg2 13. Qxh8 Qe4+ 14.
Kf1 Qxh1 15. Ke2 Qe4+ 16. Kd2 Qf4+ 17. Kd3 Qxh2 18. Re1+ Kf7 19. Nf3 Qxf2 20.
Ne5+ Ke8 21. Qxh7 Bd6 22. Nxg6+ Kd8 23. Bf6+ Be7 24. Bxe7+ Kd7 25. Ne5+ Ke6 26.
Qf7# 1-0

[Event "Challenge"]
[Site "http://www.queenalice.com/game.php?id=225091"]
[Date "2007.6.14"]
[Round "-"]
[White "rethiel"]
[Black "jweeks123"]
[Result "1-0"]
[WhiteElo "1187"]
[BlackElo "999"]

1. d4 Nh6 2. Nf3 Na6 3. e4 e6 4. d5 Bb4+ 5. c3 Bd6 6. Ng5 Qf6 7. Nd2 Qxg5 8. Nc4
Qd8 9. dxe6 fxe6 10. Qh5+ Ke7 11. Bg5+ Kf8 12. Bxd8 g6 13. Qf3+ Kg7 14. Bf6+ Kf7
15. Qh3 Kxf6 16. Qxh6 Nc5 17. e5+ Bxe5 18. Nxe5 Kxe5 19. Qg7+ Ke4 20. Qxh8 Nd3+
21. Kd2 b5 22. Bxd3+ Kf4 23. Qf8+ Kg5 24. h4+ Kg4 25. Be2# 1-0

[Event "Challenge"]
[Site "http://www.queenalice.com/game.php?id=225166"]
[Date "2007.6.15"]
[Round "-"]
[White "Lauermann"]
[Black "rethiel"]
[Result "1-0"]
[WhiteElo "1631"]
[BlackElo "1195"]

1. e3 e5 2. Qh5 Nf6 3. Qxe5+ Be7 4. b3 Nc6 5. Qb2 Bc5 6. g3 Qe7 7. Bg2 Nb4 8. d4
Bd6 9. c3 Nd3+ 10. Ke2 Nxb2 11. Bxb2 b6 12. Bxa8 1-0

[Event "Challenge"]
[Site "http://www.queenalice.com/game.php?id=225497"]
[Date "2007.6.15"]
[Round "-"]
[White "rethiel"]
[Black "cJw314"]
[Result "0-1"]
[WhiteElo "1204"]
[BlackElo "1480"]

1. d4 d6 2. Nc3 Nf6 3. e3 e6 4. Nf3 Nc6 5. Be2 a6 6. Ng5 h6 7. Nge4 Bd7 8. O-O
b5 9. g3 b4 10. Na4 Nxe4 11. Qd3 d5 12. f3 Ng5 13. e4 f5 14. exf5 exf5 15. f4
Nh3+ 16. Kg2 Nxf4+ 17. Rxf4 Bd6 18. Qe3+ Ne7 19. Rf3 O-O 20. b3 Ng6 21. a3 f4
22. Qd3 Qg5 23. Kf2 fxg3+ 24. hxg3 Bxg3+ 25. Kg2 Rxf3 26. Bxf3 Bf4+ 27. Kf1 Bxc1
28. Nc5 Bh3+ 29. Ke2 Nf4+ 30. Kd1 Qg1+ 31. Qf1 Qxf1# 0-1

[Event "Challenge"]
[Site "http://www.queenalice.com/game.php?id=228782"]
[Date "2007.6.22"]
[Round "-"]
[White "rethiel"]
[Black "cJw314"]
[Result "0-1"]
[WhiteElo "1199"]
[BlackElo "1507"]

1. d4 d5 2. Nc3 e6 3. Nf3 c5 4. dxc5 Bxc5 5. Bf4 Nf6 6. Qd3 Nc6 7. Nb5 Ng4 8.
Nc7+ Ke7 9. Nxa8 Nxf2 10. Qb5 Nxh1 11. Qxc5+ Kd7 12. Bc7 Qf6 13. Qxa7 Nxa7 14.
Be5 Qf5 15. g4 Qxc2 16. Bxg7 Rg8 17. Nb6+ Ke7 18. Bd4 Rxg4 19. Bg2 Rxg2 20. Kf1
Qxe2# 0-1

[Event "Remember how?"]
[Site "http://www.queenalice.com/game.php?id=274759"]
[Date "2007.9.20"]
[Round "-"]
[White "cJw314"]
[Black "rethiel"]
[Result "1-0"]
[WhiteElo "1494"]
[BlackElo "1193"]

1. e4 e5 2. d4 exd4 3. c3 Nc6 4. cxd4 d6 5. Qa4 Nf6 6. Bb5 a6 7. Bxc6+ bxc6 8.
Nf3 Be7 9. Qc4 Nxe4 10. Qxc6+ Bd7 11. Qxe4 Rb8 12. Nc3 O-O 13. Nd5 Bh4 14. Nxh4
Re8 15. Qxe8+ Qxe8+ 16. Be3 g5 17. Nf6+ Kf8 18. Nxe8 Rxe8 19. Nf3 g4 20. Ng5 Kg7
21. O-O 1-0

[Event "again!"]
[Site "http://www.queenalice.com/game.php?id=275380"]
[Date "2007.9.22"]
[Round "-"]
[White "rethiel"]
[Black "cJw314"]
[Result "0-1"]
[WhiteElo "1189"]
[BlackElo "1498"]

1. d4 Nf6 2. Nc3 g6 3. Nf3 d6 4. e3 Bg7 5. Ng5 O-O 6. Bc4 e6 7. O-O Ng4 8. Qxg4
e5 9. Nxf7 Bxg4 10. Nxd8+ Kh8 11. Nf7+ Kg8 12. Nd5 Kxf7 13. Nxc7+ Be6 14. Bxe6+
Ke7 15. Bd5 Nd7 16. Nxa8 Rxa8 17. Bxb7 Rb8 18. Bc6 exd4 19. Re1 d3 20. cxd3 Bxb2
21. Rb1 Nc5 22. Bxb2 Nxd3 23. Re2 Ne5 24. Bd5 Nd3 25. e4 Rb5 26. g3 Ne5 27. Rc2
Nd3 28. a4 Ra5 29. Bd4 Rxa4 30. Rc7+ Kd8 31. Bf6+ Kxc7 32. f4 Rb4 33. Ba2 a5 34.
f5 Rxe4 35. Bc3 gxf5 36. Rf1 f4 37. gxf4 Nxf4 38. Bxa5+ Kc6 39. Bb1 Ra4 40. Bd2
Nh3+ 41. Kg2 Ra3 42. Bc1 Ra4 43. Rf3 Ra1 44. Be4+ Kc7 45. Rf7+ Kd8 46. Rf8+ Ke7
47. Bh6 Ng5 48. Bg6 hxg6 49. Rf1 Ra2+ 50. Rf2 Rxf2+ 51. Kxf2 Ne4+ 52. Ke3 d5 53.
Kd4 Ke6 54. Bf4 g5 55. Be3 Nd6 56. Bxg5 Nf7 57. h4 Nd6 58. h5 Nf5+ 59. Kd3 Kf7
60. Ke2 Ng3+ 61. Kf3 Nxh5 62. Ke3 Ke6 63. Bf4 Nxf4 64. Kxf4 Kd6 65. Ke3 Kc5 66.
Kd3 d4 67. Kd2 Kc4 68. Ke2 Kc3 69. Ke1 d3 70. Kd1 d2 71. Ke2 Kc2 72. Ke3 d1=Q
73. Kf2 Kd3 74. Kg3 Ke4 75. Kf2 Qf3+ 76. Ke1 Qg2 77. Kd1 Kd3 78. Kc1 Qc2# 0-1

[Event "Other challenge"]
[Site "http://www.queenalice.com/game.php?id=279187"]
[Date "2007.9.30"]
[Round "-"]
[White "rethiel"]
[Black "cJw314"]
[Result "1-0"]
[WhiteElo "1185"]
[BlackElo "1502"]

1. d4 Nf6 2. Nc3 d6 3. e3 Nc6 4. Nf3 e5 5. Bd3 e4 6. Bxe4 Nxe4 7. Nxe4 Bf5 8.
Qd3 d5 9. Qb5 b6 10. Qxc6+ Bd7 11. Qxd5 c6 12. Qe5+ Qe7 13. Bd2 Qxe5 14. Nxe5
Bf5 15. Nd6+ Ke7 16. Ndxf7 Bxc2 17. Nxh8 Be4 18. Nhg6+ hxg6 19. O-O Rd8 20. Rac1
c5 21. dxc5 Rxd2 22. f3 Bd3 23. Rf2 Rxf2 24. Kxf2 Bf5 25. g4 Be6 26. Nxg6+ Kf7
27. Ne5+ Kf6 28. f4 bxc5 29. g5+ Kf5 30. Re1 Bxa2 31. e4+ Kxf4 32. Ng6+ Kxg5 33.
Nxf8 1-0

[Event "Challenge"]
[Site "http://www.queenalice.com/game.php?id=281331"]
[Date "2007.10.5"]
[Round "-"]
[White "rethiel"]
[Black "Hugo62"]
[Result "1-0"]
[WhiteElo "1214"]
[BlackElo "1355"]

1. d4 d5 2. Nc3 Nf6 3. e3 c6 4. Nf3 e6 5. Ne5 Be7 6. Bd3 O-O 7. Qf3 a5 8. Qh3
Re8 9. Na4 Qd6 10. Ng4 Nxg4 11. Qxh7+ Kf8 12. Qh8# 1-0

[Event "Cha"]
[Site "http://www.queenalice.com/game.php?id=281740"]
[Date "2007.10.5"]
[Round "-"]
[White "cJw314"]
[Black "rethiel"]
[Result "1-0"]
[WhiteElo "1482"]
[BlackElo "1236"]

1. e4 e5 2. Qh5 Nf6 3. Qxe5+ Qe7 4. Qxc7 Nxe4 5. Qxc8+ Qd8 6. Qxb7 Nc6 7. Qb5
Rb8 8. Qe2 Bd6 9. Qxe4+ Ne5 10. Nf3 Qa5 11. c3 O-O 12. Nxe5 Rfe8 13. d4 f6 14.
Bd3 fxe5 15. Qxh7+ Kf7 16. Bg6+ Ke7 17. Bxe8 Rxe8 18. Bg5+ Kf7 19. Qh5+ g6 20.
Qf3+ Ke6 21. Na3 Rf8 22. Qg4+ Kd5 23. Be7 Bxe7 24. Qxd7+ Bd6 25. dxe5 Qc7 26.
O-O-O+ Ke4 27. Qg4+ Rf4 28. Rd4+ Kxe5 29. Qxf4+ Ke6 30. Rxd6+ Ke7 31. Qe5+ Kf7
32. Rf6+ Kg7 33. Qxc7+ Kh6 34. Qg3 Kh5 35. Qxg6+ Kh4 36. Qg3+ Kh5 37. h4 a6 38.
Qg5# 1-0

[Event "Challenge"]
[Site "http://www.queenalice.com/game.php?id=281823"]
[Date "2007.10.6"]
[Round "-"]
[White "SaL"]
[Black "rethiel"]
[Result "0-1"]
[WhiteElo "1083"]
[BlackElo "1230"]

1. Nc3 e5 2. d3 Nf6 3. Bg5 h6 4. Bh4 Nc6 5. Qd2 Bb4 6. O-O-O Qe7 7. Qe3 Ng4 8.
Qg3 Qe6 9. Nb5 Qxa2 10. c3 d6 11. cxb4 Nxb4 12. Nc3 Be6 13. Nxa2 Nxa2+ 14. Kb1
g5 15. h3 Nf6 16. Qf3 Nd5 17. e4 Ndb4 18. Qf6 Rf8 19. Qg7 gxh4 20. Qxh6 Rd8 21.
d4 d5 22. Qxh4 dxe4 23. dxe5 Rxd1# 0-1

[Event "Chal"]
[Site "http://www.queenalice.com/game.php?id=284805"]
[Date "2007.10.11"]
[Round "-"]
[White "rethiel"]
[Black "cJw314"]
[Result "0-1"]
[WhiteElo "1240"]
[BlackElo "1488"]

1. d4 g6 2. Nc3 Nf6 3. Nf3 d5 4. Be3 Nc6 5. Nb5 Bg7 6. Bf4 O-O 7. e3 Bf5 8. Bd3
Bxd3 9. cxd3 Re8 10. Nxc7 Rc8 11. Nxe8 Qxe8 12. Rc1 Nb4 13. Ne5 Nd7 14. Qa4
Rxc1+ 15. Ke2 Rc2+ 16. Kf3 Rxb2 17. Nxd7 Qc8 18. e4 Qc3 19. Nc5 Nxd3 20. Qe8+
Bf8 21. Bh6 Nxc5+ 22. Kf4 Qd2+ 23. Ke5 Qxh6 24. Kxd5 Ne6 25. Rc1 Rb4 26. e5 Qxc1
0-1